Представление документа в формате MARC21

Поле Инд. ПП Название Значение
Тип записи a
Библиографический уровень m
001 Контрольный номер 5661f4ceb55c44b4b27fb867f0120675
005 Дата корректировки 20250629152833.6
084 a Индекс другой классификации/Индекс ББК 75
091 i Возрастная адресация (DOS) 12+
097 b Оператор Чирова
245 10 a Заглавие Физкультура и спорт
n Номер части/ раздела 9
260 c Дата издания 2024
900 a Имя макрообъекта E0041D10000ACA42 001
901 t Тип документа s